000
00219 a2200097 4500
001
45612
100
_a
Steers R
245
_a
Motivation and work behavior
260
_a
New York
_b
McGraw-Hill
_c
090
_c
28776
_d
28776
942
_a
NUST-CAE
_c
M
_c
20864
999
_c
280685
_d
280685